Normal view
MARC view
- Al-Attas
Entry Personal Name
001 - CONTROL NUMBER
- control field: 28515
003 - CONTROL NUMBER IDENTIFIER
- control field: NUST
005 - DATE AND TIME OF LATEST TRANSACTION
- control field: 20200218114102.0
008 - FIXED-LENGTH DATA ELEMENTS
- fixed length control field: 200218|| aca||aabn | a|a d
040 ## - CATALOGING SOURCE
- Original cataloging agency: NUST
- Transcribing agency: NUST
100 ## - HEADING--PERSONAL NAME
- Personal name: Al-Attas
670 ## - SOURCE DATA FOUND
- Source citation: Work cat.: (NUST): Al-Attas, Prolegomena to the Metaphysics of Islam, 2001
